European Countries Starting With I, K, L And M - Statistics

General Stats
  • This quiz has been taken 116 times
  • The average score is 11 of 12
Answers on the Map
Answers color-coded by a green-red scale on the quiz's map according to % correct below.
 
Answer Stats
Country % Correct
Iceland
97%
Latvia
95%
Luxembourg
95%
Ireland
93%
Liechtenstein
93%
Lithuania
93%
Montenegro
90%
Kosovo
89%
Moldova
88%
Malta
87%
Monaco
86%
Italy
84%
No matching quizzes found
Score Distribution
Percent of People with Each Score
Percentile by Number Answered
Your Score History
You have not taken this quiz